000 00430nam a2200169Ia 4500
008 170705s9999 xx 000 0 und d
020 _a978043937961x
245 _aWhat is a triangle? /
245 _cby Rebecca Kai Dotlich ; photographs by Maria Ferrari.
260 _aNew York :
260 _bScholastic,
260 _c2000
300 _aunpaged :
300 _bcolor illustration ;
300 _c20cm.
500 _a310
999 _c337339
_d337339